Žilina, Ciachovňa of the former urban-architectural study new functional use

Enregistré dans:
Détails bibliographiques
Auteur principal: Bulková, Monika, 1989- (Auteur)
Autres auteurs: Kráľová, Eva, 1951- (Directeur de thèse)
Format: Manuscrit Livre
Langue:slovaque
anglais
Publié: Bratislava 2015
Sujets:
Accès en ligne:http://is.stuba.sk/zp/portal_zp.pl?podrobnosti=112191
Tags: Ajouter un tag
Pas de tags, Soyez le premier à ajouter un tag!

MARC

LEADER 00000ntm a22000003a 4500
001 stuzp51850
003 SK-STU
005 20210304134303.7
007 ta
008 150427s2015----xo-----f-mn---000-0-slo-d
040 |a STU  |b slo 
041 0 |a eng 
100 1 |a Bulková, Monika,  |d 1989-  |u 053130  |4 aut  |U FAD Fakulta architektúry a dizajnu  |U FAD Fakulta architektúry  |T FA Ústav dejín a teórie architektúry a obnovy pamiatok  |X 68101  |U A3130  |Y 394  |7 A000068101 
242 0 1 |a Žilina, bývalá Ciachovňa - urbanisticko-architektonická štúdia nového funkčného využitia  |y slo 
245 1 0 |a Žilina, Ciachovňa of the former urban-architectural study new functional use  
260 |c 2015  |a Bratislava 
650 4 |a Ciachovňa  |2 slo 
650 4 |a galerijné účely  |2 slo 
650 4 |a Považská galéria umenia  |2 slo 
650 4 |a Galery purposes  |2 eng 
650 4 |a Museum of art  |2 eng 
650 4 |a Ciachovňa  |2 eng 
700 1 |a Kráľová, Eva,  |d 1951-  |4 ths  |X 391  |7 A000000391 
856 4 |u http://is.stuba.sk/zp/portal_zp.pl?podrobnosti=112191  |u https://opac.crzp.sk/?fn=detailBiblioForm&sid=D6D76FDBEB5D0472D87DC0D57304 
SQL |a stuzp51850  |b DDP  |c ENG  |d Žilina, bývalá Ciachovňa - urbanisticko-architektonická štúdia nového funkčného využitia  |e 68101  |f Bulková, Monika  |g 053130  |h 391  |i Kráľová, Eva  |j 20150604  |k 153  |l 05  |m http://is.stuba.sk/zp/portal_zp.pl?podrobnosti=112191  |n I-ARCH  |o 5.1.1. architektúra a urbanizmus